=LDR 00000nam 2200000 4500 =001 000617 =005 20250711112501 =035 ##$$a 0010-0725000485 =007 ta =008 250711################a##########0#ind## =020 ##$$a 978-623-307-118-812-0 =082 ##$$a 398.209 598 =084 ##$$a 398.209 598 DEE a =100 #$$a Dee, Noor H. =245 1#$$a Ayam Terkaya di Dunia /$c Noor H. Dee =250 ##$$a Cetakan Pertama =260 ##$$a Jakarta Timur :$b Badan Pengembangan dan Pembinaan Bahasa,$c 2024 =300 ##$$a 36 hlm. : $b Ilus. ; $c 29,7 cm =650 #4$$a Cerita Anak - Indonesia =650 #4$$a Kesusastraan Anak =990 ##$$a TBM03820382